Vida de Martí /

Uloženo v:
Podrobná bibliografie
Hlavní autor: Estenger, Rafael (autor)
Další autoři: Portuondo, José Antonio (preliminares) (preliminares)
Médium: Kniha
Jazyk:španělština
Vydáno: México : Secretaría de Educación Pública, 1972, c1972
Edice:(Biblioteca Enciclopédica Popular ; 27)
Témata:
Tagy: Přidat tag
Žádné tagy, Buďte první, kdo vytvoří štítek k tomuto záznamu!

MARC

LEADER 00000nam^a2200000^a^4500
001 000582119
005 20250521000000.0
009 20260310132622.994
037 |a Acervo Xavier Clavigero 
041 |a ESP 
082 |a 972. 9105  |b EST 
100 |a Estenger, Rafael  |e (autor) 
245 1 0 |a Vida de Martí /  |c R. Estenger ; nota prelim. de J.A. Portuondo. 
264 4 |a México :  |b Secretaría de Educación Pública,  |c 1972, c1972 
300 |a 87 p. 
336 |a texto  |b txt  |2 rdacontenido 
337 |a sin mediación  |b n  |2 rdamedio 
338 |a volumen  |b nc  |2 rdasoporte 
440 1 |a (Biblioteca Enciclopédica Popular ;  |v 27) 
561 |a Ex libris de Bibl. Iunioratus Dom. Prob. S. Ioseph, ejemplar 1 
561 |a Ex libris de Instituto de Literatura Puente Grande, Jal., ejemplar 1 
649 |a XX 
650 |a Independentistas Cubanos -  |x Biografías 
650 |a Revolucionarios Cubanos -  |x Biografías 
650 |a Políticos Cubanos -  |x Biografías 
650 |a Escritores Cubanos -  |x Biografías 
650 |a Literatura y Política -  |z Cuba -  |x Historia y Crítica 
650 |a Literatura Cubana -  |x Historia y Crítica 
650 |a Literatura Cubana -  |y Siglo XIX 
650 |a Cuba -  |x Historia -  |y Guerra de Independencia, 1895-1898 
650 |a Cuba -  |x Historia -  |y 1810-1898 -  |x Tema Principal 
650 |a Cuba -  |x Historia -  |y Siglo XIX 
650 |a Cuba -  |x Historia -  |y Epoca Colonial, 1514-1898 
650 |a Martí, José -  |x Tema Principal 
700 |a Portuondo, José Antonio  |e (preliminares) 
910 |a Fondo General 
920 |a Impresos - Libros 
930 |a Colección General 
905 |a 101 
901 |a 033605  |b IT1  |c ACC  |i 33605  |u 20250521 
901 |a 044330  |b IT1  |c ACC  |i 044330  |u 20250521 
902 |a https://opac.biblio.iteso.mx/vufind/Record/000582119